ACCIDENTAL BILLIONAIRES THE FOUNDING OF (Record no. 15890)

MARC details
000 -LEADER
fixed length control field 00302nam a2200121Ia 4500
008 - FIXED-LENGTH DATA ELEMENTS--GENERAL INFORMATION
fixed length control field 240624s9999 xx 000 0 und d
041 ## - LANGUAGE CODE
Language code of text/sound track or separate title eng
082 ## - DEWEY DECIMAL CLASSIFICATION NUMBER
Classification number 006.7 MEZ
100 ## - MAIN ENTRY--PERSONAL NAME
Personal name MEZRICH BEN
245 ## - TITLE STATEMENT
Title ACCIDENTAL BILLIONAIRES THE FOUNDING OF
260 ## - PUBLICATION, DISTRIBUTION, ETC.
Date of publication, distribution, etc. 2009
Place of publication, distribution, etc. New York
Name of publisher, distributor, etc. Anchor Books
365 ## - TRADE PRICE
Currency code RS
Holdings
Withdrawn status Lost status Damaged status Not for loan Home library Current library Shelving location Date acquired Source of acquisition Cost, normal purchase price Total Holds Full call number Barcode Date last seen Copy number Price effective from Koha item type
        IMTN IMTN Rack 3-B 11/19/2010 FK 383.00 32767 006.7 MEZ 15890 06/24/2024 1 06/24/2024 Books
Designed & Maintained by: LRC IMT Nagpur Contact: lrc@imtnag.ac.in© 2024. All Rights Reserved.